Word Ladder: Apple Invader Quiz Stats

Quiz Updated Nov 8, 2017

Challenge
Share
Tweet
Embed
Score 0/36 Timer 04:00
0 Plays Today
Clue 4-Letter Rung % Correct
Cause of the desire to scratchITCH
98%
Under the weatherSICK
97.4%
Potato bagSACK
97.2%
Necktie fabricSILK
96.7%
German composerBACH
96.5%
Get behindBACK
96.4%
Took a tumbleFELL
96%
Pool table materialFELT
96%
Window ledgeSILL
95.6%
U.S. Customary measurementINCH
95.4%
EngraveETCH
95.1%
Occupy completelyFILL
94.5%
ApieceEACH
93.6%
Wedding symbolRING
93.3%
Get biggerGROW
91.8%
TelephonedRANG
90.8%
Microsoft search engineBING
90.5%
AccomplishmentFEAT
90.4%
Clue 4-Letter Rung % Correct
ApartmentFLAT
90.2%
Superhero accessoryCAPE
89.9%
Adhesive stripTAPE
88.1%
Lieut.'s superiorCAPT
85.2%
AuraGLOW
84.9%
Reverberating toneBONG
82.5%
Babble onRANT
81.3%
Hit on the headBONK
81.2%
Move smoothlyFLOW
80.4%
Raise the temperatureWARM
79.4%
ErrorFLAW
79.2%
EngrossedRAPT
78.9%
MerchandiseWARE
76.1%
Word that can follow the highlighted wordsWORM
76%
Weight allowanceTARE
75.6%
Reserve, as a roomBOOK
75.3%
Sticky stuffGOOK
67.3%
Understand, in sci-fi lingoGROK
65.5%

Today's Daily Dose

Missing Word
Jazz Songs 'C'

On This Day
January 18th

You're not logged in!

Compare scores with friends on all Sporcle quizzes.
Sign Up with Email
OR
Log In

You Might Also Like...

Show Comments

Extras

Top Quizzes Today


Score Distribution

Your Account Isn't Verified!

In order to create a playlist on Sporcle, you need to verify the email address you used during registration. Go to your Sporcle Settings to finish the process.